Florida Rappers - Statistics

General Stats
  • This quiz has been taken 66 times
    60 since last reset
  • The average score is 15 of 48
Answer Stats
Hint Answer % Correct
Gucci Gang Lil Pump
93%
Look at Me! XXXTentacion
91%
Murder On My Mind YNW Melly
84%
Super Gremlin Kodak Black
79%
Faucet Failure Ski Mask The Slump God
63%
Rags2Riches Rod Wave
60%
Ice Ice Baby Vanilla Ice
58%
Who Want Smoke Nardo Wick
53%
Who I Smoke Yungeen Ace
51%
When I See You Foolio
49%
Audi Smokepurpp
49%
Gucci Flip Flops Bhad Bhabie
47%
Ultimate Denzel Curry
47%
Aston Martin Music Rick Ross
44%
Who I Smoke Spinabenz
42%
BeatBox SpotemGottem
42%
Buy U a Drank T-Pain
42%
Bugatti Ace Hood
40%
Slime Dreams YNW BSlime
35%
Who I Smoke Whoppa Wit Da Choppa
28%
Bad Ass Jit Dee Watkins
26%
My House Flo Rida
26%
Goat Talk Hotboii
26%
Batman LPB Poody
23%
Why You Lying 9lokkNine
21%
Act Up City Girls
21%
Pressure Jackboy
21%
Who I Smoke FastMoney Goon
19%
Worth It YK Osiris
19%
Whipski $not
16%
Dead Bands Jdot Breezy
14%
No Statements Kuttem Reese
14%
Been Thru YNW Bortlen
14%
Eternal Living Lil Poppa
12%
Wya? Wifisfuneral
12%
Hood Story FCG Heem
9%
Bust It Baby Pt. 2 Plies
9%
Big Business Trapland Pat
9%
Shooting Guard WizDaWizard
9%
Murda Twinz Y&R Mookey
9%
Who Gone Slide GMK
7%
Trappin Ain't Dead Taleban Dooda
7%
Murda Twinz Y&R Slugga Tee
7%
Dum Dum ProjectYoungin
5%
What To Do! Danny Towers
2%
From The Block Raw Youngin
2%
Stuntin' On You Tyla Yaweh
2%
On Me Robb Bank$
0%
No matching quizzes found
Score Distribution
Percent of People with Each Score
Percentile by Number Answered
Your Score History
You have not taken this quiz since the last reset